000 00447cam a2200169ua 4500
041 _aeng
_h
082 _a333.7916
_bPIR/EN
100 _aRobert, L Pirog .
245 _aEnergy economics- theory and policy /
_cPirog L Robert.
_hTextual Documents
260 _aNew Jersey :
_bPrentice Hall Inc ,
_c1987.
300 _a328 ; .
500 _a**Reference
504 _a
700 1 _aStephen, C Stamos .
942 _cBK
999 _c11250
_d11250